[Event "2nd Goa GM Open 2019"]
[Site "Goa"]
[Date "2019.06.25"]
[Round "10.19"]
[White "Srija, Seshadri"]
[Black "Sardana, Rishi"]
[Result "1/2-1/2"]
[WhiteElo "2174"]
[BlackElo "2428"]
[Annotator "NA RC"]
[PlyCount "216"]
[EventDate "2019.06.17"]
[EventType "swiss"]
[EventCountry "IND"]
[SourceTitle "playchess.com"]
[Source "ChessBase"]
[SourceQuality "1"]
[TimeControl "5400+30"]

1. e4 {[%emt 0:00:00]} e5 {[%emt 0:00:31]} 2. Nf3 {[%emt 0:00:00]} Nc6 {[%emt 0:00:04]} 3. Bc4 {[%emt 0:00:00]} Bc5 {[%emt 0:00:06]} 4. d3 {[%emt 0:00:07]} Nf6 {[%emt 0:00:07]} 5. O-O {[%emt 0:00:15]} d6 {[%emt 0:00:05]} 6. c3 {[%emt 0:00:12]} a5 {[%emt 0:00:41]} 7. a4 {[%emt 0:00:35]} h6 {[%emt 0:01:57]} 8. Re1 {[%emt 0:02:52]} O-O {[%emt 0:00:13]} 9. Nbd2 {[%emt 0:01:04]} Be6 {[%emt 0:00:25]} 10. Qb3 {[%emt 0:02:17]} Qd7 {[%emt 0:02:19]} 11. Nf1 {[%emt 0:06:54]} Ne7 {[%emt 0:04:09]} 12. d4 {[%emt 0:04:58]} exd4 {[%emt 0:08:25]} 13. cxd4 {[%emt 0:00:27]} Bxc4 {[%emt 0:02:24]} 14. Qxc4 {[%emt 0:00:08]} Bb4 {[%emt 0:00:24]} 15. Bd2 {[%emt 0:02:40]} Bxd2 {[%emt 0:04:01]} 16. N1xd2 {[%emt 0:00:08]} d5 {[%emt 0:01:20]} 17. exd5 {[%emt 0:02:19]} Nexd5 {[%emt 0:01:45]} 18. Ne5 {[%emt 0:02:11]} Qd6 {[%emt 0:02:50]} 19. Qc1 {[%emt 0:13:43]} Nb4 {[%emt 0:11:15]} 20. Ndf3 {[%emt 0:02:16]} Rfe8 {[%emt 0:03:59]} 21. Ra3 {[%emt 0:04:24]} Nfd5 {[%emt 0:11:15]} 22. Nh4 {[%emt 0:07:25]} Nc6 {[%emt 0:16:36]} 23. Nf5 {[%emt 0:14:24]} Qf6 {[%emt 0:00:08]} 24. Nxg7 {[%emt 0:02:48]} Kxg7 {[%emt 0:05:31]} 25. Rg3+ {[%emt 0:00:25]} Kh7 {[%emt 0:10:11]} 26. Qb1+ {[%emt 0:02:15]} Kh8 {[%emt 0:00:05]} 27. Rf3 {[%emt 0:00:10]} Qg7 {[%emt 0:02:11]} 28. Rxf7 {[%emt 0:08:13]} Rxe5 {[%emt 0:00:15]} 29. Rxg7 {[%emt 0:00:09]} Rxe1+ {[%emt 0:00:06]} 30. Qxe1 {[%emt 0:00:04]} Kxg7 31. Qe4 {[%emt 0:01:50]} Rd8 {[%emt 0:00:52]} 32. Qg4+ {[%emt 0:00:31]} Kf7 {[%emt 0:00:17]} 33. h3 {[%emt 0:00:50]} Rd6 {[%emt 0:01:10]} 34. Qf5+ {[%emt 0:00:51]} Kg7 {[%emt 0:01:25]} 35. Qg4+ {[%emt 0:00:31]} Kf7 {[%emt 0:00:38]} 36. Qf5+ {[%emt 0:00:33]} Kg7 {[%emt 0:00:05]} 37. Qg4+ {[%emt 0:00:16]} Rg6 {[%emt 0:00:15]} 38. Qd7+ {[%emt 0:00:47]} Nce7 {[%emt 0:00:04]} 39. h4 {[%emt 0:03:09]} h5 {[%emt 0:00:43]} 40. g3 {[%emt 0:01:00]} b6 {[%emt 0:00:10]} 41. Qe8 {[%emt 0:00:18]} c6 {[%emt 0:00:20]} 42. Kf1 {[%emt 0:00:57]} Rh6 {[%emt 0:01:28]} 43. Kg1 {[%emt 0:00:47]} Rh8 {[%emt 0:01:09]} 44. Qd7 {[%emt 0:00:03]} Rh6 {[%emt 0:01:10]} 45. Qe8 {[%emt 0:00:12]} Rh8 {[%emt 0:02:34]} 46. Qd7 {[%emt 0:00:02]} Kf7 {[%emt 0:00:57]} 47. Qd6 {[%emt 0:00:18]} Rh7 {[%emt 0:00:09]} 48. Kf1 {[%emt 0:01:15]} Ke8 {[%emt 0:00:47]} 49. Qb8+ {[%emt 0:00:34]} Kd7 50. Qb7+ {[%emt 0:00:11]} Ke6 {[%emt 0:00:28]} 51. Qb8 {[%emt 0:00:05]} Kf7 {[%emt 0:01:06]} 52. Qd6 {[%emt 0:00:07]} Rh8 {[%emt 0:01:47]} 53. Kg1 {[%emt 0:00:52]} Re8 {[%emt 0:01:36]} 54. Qe5 {[%emt 0:00:54]} Nf6 {[%emt 0:00:05]} 55. Qc7 {[%emt 0:00:08]} Nfd5 {[%emt 0:00:02]} 56. Qe5 {[%emt 0:00:05]} Nf6 {[%emt 0:00:02]} 57. Qc7 {[%emt 0:00:09]} b5 {[%emt 0:01:52]} 58. axb5 {[%emt 0:01:42]} cxb5 {[%emt 0:00:01]} 59. Qxa5 {[%emt 0:00:11]} Rb8 {[%emt 0:00:04]} 60. Qc7 {[%emt 0:01:03]} Ra8 {[%emt 0:00:15]} 61. Qb7 {[%emt 0:00:16]} Ra1+ {[%emt 0:00:16]} 62. Kg2 {[%emt 0:00:05]} Rd1 {[%emt 0:00:29]} 63. Qxb5 {[%emt 0:00:47]} Rxd4 {[%emt 0:00:06]} 64. Qc5 {[%emt 0:01:16]} Rd5 {[%emt 0:00:29]} 65. Qc4 {[%emt 0:00:53]} Nf5 {[%emt 0:00:06]} 66. b4 {[%emt 0:01:01]} Nd6 {[%emt 0:00:02]} 67. Qc2 {[%emt 0:02:07]} Ke6 {[%emt 0:00:30]} 68. f3 {[%emt 0:01:22]} Rb5 {[%emt 0:00:42]} 69. Qa2+ {[%emt 0:01:03]} Ke7 {[%emt 0:02:37]} 70. Qa7+ {[%emt 0:01:00]} Nd7 {[%emt 0:00:18]} 71. Qd4 {[%emt 0:01:02]} Re5 {[%emt 0:00:15]} 72. Qd3 {[%emt 0:00:28]} Nf6 {[%emt 0:00:23]} 73. Qd2 {[%emt 0:00:28]} Ke6 {[%emt 0:00:53]} 74. Qc2 {[%emt 0:00:47]} Rd5 {[%emt 0:00:59]} 75. Qa2 {[%emt 0:00:43]} Nd7 {[%emt 0:00:26]} 76. Qe2+ {[%emt 0:02:29]} Re5 {[%emt 0:00:04]} 77. Qc2 {[%emt 0:00:22]} Nf6 {[%emt 0:00:10]} 78. Kf2 {[%emt 0:01:19]} Rb5 {[%emt 0:00:36]} 79. Qe2+ {[%emt 0:02:16]} Kd7 {[%emt 0:00:01]} 80. Qb2 {[%emt 0:00:39]} Nd5 {[%emt 0:00:49]} 81. Qd4 {[%emt 0:00:50]} Nxb4 {[%emt 0:00:26]} 82. g4 {[%emt 0:00:12]} hxg4 {[%emt 0:00:14]} 83. Qxg4+ {[%emt 0:00:17]} Ke7 {[%emt 0:00:20]} 84. Qd4 {[%emt 0:01:10]} Nc6 {[%emt 0:00:42]} 85. Qg7+ {[%emt 0:00:25]} Nf7 {[%emt 0:00:15]} 86. Qc3 {[%emt 0:00:32]} Ncd8 {[%emt 0:01:06]} 87. Qc7+ {[%emt 0:00:41]} Kf6 {[%emt 0:00:15]} 88. Qc3+ {[%emt 0:00:36]} Ke7 {[%emt 0:00:12]} 89. Qc7+ {[%emt 0:00:07]} Kf8 {[%emt 0:00:14]} 90. Qc8 {[%emt 0:00:23]} Rd5 {[%emt 0:00:28]} 91. Qg4 {[%emt 0:00:41]} Rd2+ {[%emt 0:00:21]} 92. Kg3 {[%emt 0:00:09]} Rd6 {[%emt 0:00:09]} 93. h5 {[%emt 0:01:04]} Ne6 {[%emt 0:00:41]} 94. Qf5 {[%emt 0:00:47]} Ned8 {[%emt 0:01:08]} 95. Qg4 {[%emt 0:00:20]} Rf6 {[%emt 0:00:26]} 96. Qb4+ {[%emt 0:00:45]} Kg7 {[%emt 0:00:06]} 97. Qd4 {[%emt 0:00:32]} Ne6 {[%emt 0:00:32]} 98. Qg4+ {[%emt 0:00:54]} Kf8 {[%emt 0:00:20]} 99. Qb4+ {[%emt 0:00:26]} Kg8 {[%emt 0:00:23]} 100. Qg4+ {[%emt 0:00:10]} Kh8 {[%emt 0:00:50]} 101. Qe4 {[%emt 0:01:40]} Neg5 {[%emt 0:00:51]} 102. Qg4 {[%emt 0:01:10]} Kh7 {[%emt 0:00:23]} 103. Kg2 {[%emt 0:00:44]} Kh6 {[%emt 0:00:54]} 104. f4 {[%emt 0:00:32]} Ne6 {[%emt 0:00:33]} 105. Kg3 {[%emt 0:00:30]} Nd6 {[%emt 0:01:27]} 106. Qf3 {[%emt 0:02:12]} Nf5+ {[%emt 0:00:26]} 107. Kg4 {[%emt 0:00:05]} Nfg7 {[%emt 0:03:16]} 108. Qe3 {[%emt 0:00:52]} Rxf4+ {[%emt 0:01:21]} 1/2-1/2

[Event "2nd Goa GM Open 2019"]
[Site "Goa"]
[Date "2019.06.25"]
[Round "10.20"]
[White "Harshavardhan G B"]
[Black "Kamdar Udit"]
[Result "1-0"]
[WhiteElo "2406"]
[BlackElo "2087"]
[Annotator "NA"]
[PlyCount "98"]
[EventDate "2019.06.17"]
[EventType "swiss"]
[EventCountry "IND"]
[SourceTitle "playchess.com"]
[Source "ChessBase"]
[SourceQuality "1"]
[TimeControl "5400+30"]

1. d4 {[%emt 0:00:00]} c6 {[%emt 0:01:54]} 2. e4 {[%emt 0:00:00]} d5 {[%emt 0:00:05]} 3. exd5 {[%emt 0:00:04]} cxd5 {[%emt 0:00:02]} 4. c4 {[%emt 0:00:07]} g6 {[%emt 0:02:00]} 5. Nc3 {[%emt 0:00:11]} Nf6 {[%emt 0:00:13]} 6. cxd5 {[%emt 0:00:12]} Bg7 {[%emt 0:01:39]} 7. Bb5+ {[%emt 0:00:06]} Nbd7 {[%emt 0:00:24]} 8. d6 {[%emt 0:00:04]} O-O {[%emt 0:15:43]} 9. dxe7 {[%emt 0:02:50]} Qxe7+ {[%emt 0:00:15]} 10. Nge2 {[%emt 0:00:06]} a6 {[%emt 0:02:48]} 11. Bd3 {[%emt 0:00:07]} b5 {[%emt 0:04:51]} 12. O-O {[%emt 0:05:59]} Bb7 {[%emt 0:02:04]} 13. Nf4 {[%emt 0:07:38]} Nb6 {[%emt 0:03:09]} 14. Re1 {[%emt 0:09:22]} Qb4 {[%emt 0:06:03]} 15. a3 {[%emt 0:06:51]} Qxd4 {[%emt 0:13:11]} 16. Be3 {[%emt 0:00:08]} Qd8 {[%emt 0:14:18]} 17. Bxb5 {[%emt 0:15:21]} Nbd5 {[%emt 0:02:40]} 18. Bf1 {[%emt 0:01:06]} Nxe3 {[%emt 0:09:31]} 19. Qxd8 {[%emt 0:00:43]} Raxd8 {[%emt 0:00:49]} 20. Rxe3 {[%emt 0:02:46]} Bh6 {[%emt 0:02:18]} 21. Re7 {[%emt 0:00:56]} Bc8 {[%emt 0:00:58]} 22. Nd3 {[%emt 0:02:13]} Nd5 {[%emt 0:03:05]} 23. Nxd5 {[%emt 0:02:40]} Rxd5 {[%emt 0:00:02]} 24. Rae1 {[%emt 0:01:43]} Be6 {[%emt 0:07:57]} 25. Rc7 {[%emt 0:20:15]} Bd2 {[%emt 0:02:21]} 26. Rd1 {[%emt 0:02:17]} Bg5 {[%emt 0:00:42]} 27. Rc5 {[%emt 0:00:43]} Rfd8 {[%emt 0:00:44]} 28. Rxd5 {[%emt 0:09:17]} Rxd5 {[%emt 0:00:27]} 29. Be2 {[%emt 0:00:10]} Bf6 {[%emt 0:01:28]} 30. b4 {[%emt 0:01:55]} a5 {[%emt 0:01:09]} 31. Nf4 {[%emt 0:01:52]} Rxd1+ {[%emt 0:01:37]} 32. Bxd1 {[%emt 0:00:06]} axb4 {[%emt 0:00:34]} 33. axb4 {[%emt 0:00:08]} Bc4 {[%emt 0:00:46]} 34. Be2 {[%emt 0:00:32]} Bg5 {[%emt 0:00:39]} 35. Nh3 {[%emt 0:00:13]} Bxe2 {[%emt 0:00:17]} 36. Nxg5 {[%emt 0:00:04]} f5 {[%emt 0:00:25]} 37. f4 {[%emt 0:00:27]} h6 {[%emt 0:00:12]} 38. Ne6 {[%emt 0:00:27]} Kf7 {[%emt 0:00:17]} 39. Nd4 {[%emt 0:00:03]} Bd3 {[%emt 0:00:30]} 40. Kf2 {[%emt 0:00:09]} Ke7 {[%emt 0:00:19]} 41. Ke3 {[%emt 0:00:36]} Be4 {[%emt 0:00:43]} 42. Nf3 {[%emt 0:03:05]} Kd6 {[%emt 0:00:23]} 43. g3 {[%emt 0:00:47]} Bc6 {[%emt 0:01:21]} 44. Ne5 {[%emt 0:00:32]} Be8 {[%emt 0:00:01]} 45. Kd4 {[%emt 0:00:07]} g5 {[%emt 0:00:07]} 46. Nc4+ {[%emt 0:00:04]} Kc6 {[%emt 0:00:24]} 47. b5+ {[%emt 0:00:04]} Kc7 {[%emt 0:00:36]} 48. b6+ {[%emt 0:00:04]} Kb8 {[%emt 0:00:34]} 49. Nd6 {[%emt 0:00:03]} Bd7 {[%emt 0:00:09] Ke4} 1-0

[Event "2nd Goa GM Open 2019"]
[Site "Goa"]
[Date "2019.06.25"]
[Round "10.21"]
[White "Deepan Chakkravarthy J."]
[Black "Priyanka, K."]
[Result "1-0"]
[WhiteElo "2557"]
[BlackElo "2053"]
[Annotator "ChessBase"]
[PlyCount "69"]
[EventDate "2019.06.17"]
[EventType "swiss"]
[EventCountry "IND"]
[SourceTitle "playchess.com"]
[Source "ChessBase"]
[SourceQuality "1"]
[TimeControl "5400+30"]

1. e4 c5 {[%emt 0:00:17]} 2. Nf3 {[%emt 0:01:36]} d6 {[%emt 0:00:05]} 3. d4 {[%emt 0:03:28]} cxd4 {[%emt 0:00:08]} 4. Nxd4 {[%emt 0:00:03]} Nf6 {[%emt 0:00:07]} 5. Nc3 {[%emt 0:00:02]} a6 {[%emt 0:00:15]} 6. g3 {[%emt 0:01:23]} e5 {[%emt 0:03:37]} 7. Nf3 {[%emt 0:00:03]} Be7 {[%emt 0:03:24]} 8. Bg2 {[%emt 0:00:28]} Be6 {[%emt 0:01:51]} 9. Nh4 {[%emt 0:00:09]} Nc6 {[%emt 0:09:56]} 10. Nf5 {[%emt 0:00:37]} Bf8 {[%emt 0:12:34]} 11. O-O {[%emt 0:02:12]} b5 {[%emt 0:03:47]} 12. Bg5 {[%emt 0:06:04]} b4 {[%emt 0:06:09]} 13. Nd5 {[%emt 0:05:01]} Bxd5 {[%emt 0:01:42]} 14. exd5 {[%emt 0:00:14]} Ne7 {[%emt 0:06:05]} 15. Bxf6 {[%emt 0:06:05]} gxf6 {[%emt 0:00:22]} 16. Be4 {[%emt 0:02:04]} Nxf5 {[%emt 0:05:36]} 17. Bxf5 {[%emt 0:00:22]} h5 {[%emt 0:01:09]} 18. h4 {[%emt 0:02:18]} Qb6 {[%emt 0:01:07]} 19. c3 {[%emt 0:00:16]} Rb8 {[%emt 0:03:22]} 20. cxb4 {[%emt 0:00:25]} Qxb4 {[%emt 0:00:13]} 21. Rc1 {[%emt 0:00:02]} Be7 {[%emt 0:00:39]} 22. b3 {[%emt 0:02:16]} Bd8 {[%emt 0:01:22]} 23. Rc4 {[%emt 0:00:02]} Qb7 {[%emt 0:00:54]} 24. Rc6 {[%emt 0:00:06]} Ke7 {[%emt 0:00:16]} 25. Qf3 {[%emt 0:03:43]} Bb6 {[%emt 0:01:27]} 26. Rfc1 {[%emt 0:00:07]} a5 {[%emt 0:02:17]} 27. Kg2 {[%emt 0:00:22]} Ra8 {[%emt 0:05:29]} 28. R1c4 {[%emt 0:03:35]} Rad8 {[%emt 0:01:40]} 29. b4 {[%emt 0:01:14]} Ra8 {[%emt 0:02:01]} 30. a4 {[%emt 0:08:23]} Qa7 {[%emt 0:04:12]} 31. b5 {[%emt 0:05:53]} Qb7 {[%emt 0:02:29]} 32. Rxd6 {[%emt 0:01:18]} Kxd6 {[%emt 0:00:48]} 33. Qa3+ {[%emt 0:00:17]} Kxd5 {[%emt 0:00:23]} 34. Qd3+ {[%emt 0:00:16]} Bd4 {[%emt 0:00:08]} 35. Be4+ {[%emt 0:00:06]} 1-0

[Event "2nd Goa GM Open 2019"]
[Site "Goa"]
[Date "2019.06.25"]
[Round "10.22"]
[White "Fier, Alexandr"]
[Black "Rahul Srivatshav P"]
[Result "1-0"]
[WhiteElo "2543"]
[BlackElo "2395"]
[Annotator "ChessBase"]
[PlyCount "77"]
[EventDate "2019.06.17"]
[EventType "swiss"]
[EventCountry "IND"]
[SourceTitle "playchess.com"]
[Source "ChessBase"]
[SourceQuality "1"]
[TimeControl "5400+30"]

1. e4 {[%emt 0:00:00]} c5 {[%emt 0:00:38]} 2. Nf3 {[%emt 0:00:04]} e6 {[%emt 0:00:05]} 3. d4 {[%emt 0:00:03]} cxd4 {[%emt 0:00:06]} 4. Nxd4 {[%emt 0:00:03]} Nc6 {[%emt 0:00:06]} 5. Nc3 {[%emt 0:00:03]} Qc7 {[%emt 0:00:06]} 6. Be3 {[%emt 0:00:03]} a6 {[%emt 0:00:05]} 7. Qf3 {[%emt 0:00:03]} h5 {[%emt 0:00:05]} 8. O-O-O {[%emt 0:00:40]} Ne5 {[%emt 0:00:12]} 9. Qg3 {[%emt 0:00:13]} h4 {[%emt 0:00:04]} 10. Qh3 {[%emt 0:00:03]} Ng6 {[%emt 0:00:07]} 11. Qg4 {[%emt 0:10:51]} Nf6 {[%emt 0:05:54]} 12. Qe2 {[%emt 0:00:04]} Bb4 {[%emt 0:06:11]} 13. Bd2 {[%emt 0:00:51]} b5 {[%emt 0:04:20]} 14. Re1 {[%emt 0:04:13]} Bb7 {[%emt 0:18:20]} 15. f3 {[%emt 0:03:06]} Rh5 {[%emt 0:06:16]} 16. Kb1 {[%emt 0:00:54]} Rc8 {[%emt 0:00:16]} 17. Qd1 {[%emt 0:03:06]} Bc5 {[%emt 0:04:17]} 18. Be3 {[%emt 0:03:28]} Bb4 {[%emt 0:01:48]} 19. Bd2 {[%emt 0:00:21]} Bc5 {[%emt 0:01:27]} 20. Be3 {[%emt 0:00:05]} d5 {[%emt 0:00:15]} 21. Bd3 {[%emt 0:02:04]} Ne5 {[%emt 0:03:32]} 22. exd5 {[%emt 0:02:01]} Nxd3 {[%emt 0:03:41]} 23. Qxd3 {[%emt 0:02:50]} Nxd5 {[%emt 0:01:40]} 24. Ne4 {[%emt 0:06:41]} Nxe3 {[%emt 0:02:23]} 25. Nxc5 {[%emt 0:00:48]} Qxc5 {[%emt 0:02:42]} 26. Rxe3 {[%emt 0:01:38]} Rd8 {[%emt 0:01:55]} 27. c3 {[%emt 0:01:50]} Rhd5 {[%emt 0:01:25]} 28. Qh7 {[%emt 0:01:16]} Re5 {[%emt 0:06:39]} 29. Qd3 {[%emt 0:00:00]} Red5 {[%emt 0:00:00]} 30. Qh7 {[%emt 0:01:00]} Re5 {[%emt 0:01:00]} 31. Rd3 {[%emt 0:03:56]} Bd5 {[%emt 0:03:24]} 32. Qxg7 {[%emt 0:03:05]} Qc4 {[%emt 0:04:57]} 33. Kc2 {[%emt 0:00:18]} Qa4+ {[%emt 0:01:50]} 34. Kd2 {[%emt 0:00:04]} Bc4 {[%emt 0:01:20]} 35. Qh8+ {[%emt 0:01:20]} Kd7 {[%emt 0:00:05]} 36. Qxe5 {[%emt 0:00:07]} Bxd3 {[%emt 0:00:04]} 37. Kxd3 {[%emt 0:00:05]} Qxa2 {[%emt 0:00:12]} 38. Ke3 {[%emt 0:01:48]} Qxb2 {[%emt 0:00:11]} 39. Nxe6 {[%emt 0:00:22]} 1-0

[Event "2nd Goa GM Open 2019"]
[Site "Goa"]
[Date "2019.06.25"]
[Round "10.23"]
[White "Roy, Prantik"]
[Black "Karthik Venkataraman"]
[Result "1/2-1/2"]
[WhiteElo "2365"]
[BlackElo "2499"]
[Annotator "TA"]
[PlyCount "80"]
[EventDate "2019.06.17"]
[EventType "swiss"]
[EventCountry "IND"]
[SourceTitle "playchess.com"]
[Source "ChessBase"]
[SourceQuality "1"]

{[%evp 14,80,43,23,29,38,33,19,24,0,12,-16,-16,-33,-33,-29,-24,-19,-6,0,0,-7,0,0,0,0,0,-5,16,10,14,8,29,33,59,58,60,0,0,0,0,0,0,0,22,0,0,0,0,0,0,-3,0,0,30,33,22,24,24,8,8,8,8,8,37,0,0,0,27]} 1. Nf3 Nf6 2. g3 b6 3. Bg2 Bb7 4. O-O c5 5. c4 e6 6. Nc3 a6 7. d4 cxd4 8. Nxd4 Bxg2 {A30: Symmetrical English: Double Fianchetto and Hedgehog} 9. Kxg2 Qc7 (9... Qc8 10. Qd3 Nc6 11. b3 Ne5 12. Qe3 Nfg4 13. Qd2 Bb4 14. Bb2 O-O 15. f3 Nf6 16. Nc2 {½-½ (37) Karpov,A (2644)-Topalov,V (2813) Zuerich 2009}) 10. Qd3 Nc6 11. Nxc6 Qxc6+ 12. Kg1 Rc8 13. Be3 Qxc4 14. Bxb6 Qxd3 15. exd3 {[#]} Rb8 $146 ({Predecessor:} 15... Bc5 16. Bxc5 Rxc5 {0-1 (56) Obarcanin,N (2018)-Dizdarevic,E (2528) Prijedor 2015}) 16. Bd4 Rb4 17. Ne2 Bd6 18. Rac1 {[#] aiming for Rc8+.} Ke7 19. Rc4 Rhb8 20. Rfc1 R4b5 21. b3 Ra5 22. Nc3 Nd5 (22... Ne8 {is more complex.} 23. Ra4 Rxa4 24. Nxa4 Ba3 25. Rc2 h5) 23. Nxd5+ Rxd5 24. Bxg7 Rxd3 25. Rd4 (25. Ra4 $14) 25... Rxd4 $11 26. Bxd4 {[%mdl 4096] Endgame KRB-KRB} Rb5 27. Kf1 Ra5 28. a4 Rh5 29. h4 Rd5 30. Rc4 e5 31. Be3 Rd3 32. Rc8 a5 33. Rh8 Rxb3 34. Rxh7 Ke6 35. Rh6+ f6 36. g4 Bf8 37. Rh8 Kf7 38. Rh7+ Ke6 39. Rh8 Kf7 40. Rh7+ Ke6 {Accuracy: White = 62%, Black = 64%.} 1/2-1/2

[Event "2nd Goa GM Open 2019"]
[Site "Goa"]
[Date "2019.06.25"]
[Round "10.24"]
[White "Ritviz, Parab"]
[Black "Anurag, Mhamal"]
[Result "0-1"]
[WhiteElo "2357"]
[BlackElo "2497"]
[Annotator "TA"]
[PlyCount "96"]
[EventDate "2019.06.17"]
[EventType "swiss"]
[EventCountry "IND"]
[SourceTitle "playchess.com"]
[Source "ChessBase"]
[SourceQuality "1"]

{[%evp 17,138,29,43,22,21,26,38,29,31,31,35,22,37,60,64,60,71,68,67,9,13,16,17,0,3,0,14,-31,16,16,36,25,38,34,78,64,74,58,79,79,83,69,69,82,66,8,16,10,15,13,194,0,0,0,0,-34,-27,-28,-36,-87,-78,-153,-153,-171,-123,-172,-73,-255,-243,-241,-235,-236,-255,-244,-240,-272,-245,-231,-233,-218,-189,-254,-254,-423,-446,-446,-446,-443,-443,-422,-415,-404,-327,-483,-483,-478,-481,-449,-357,-353,-318,-466,-425,-493,-437,-471,-466,-472,-444,-738,-738,-731,-731,-720,-719,-693,-684,-677,-661,-657,-622,-517,-470]} 1. e4 e5 2. Nf3 Nc6 3. Bb5 a6 4. Ba4 d6 5. O-O Bd7 6. c3 g6 7. d4 Bg7 8. Be3 Nf6 9. Nbd2 O-O 10. Re1 {C76: Ruy Lopez: Deferred Steinitz: 5 c3 Bd7 6 d4 g6} Re8 (10... Qe8 11. Bxc6 Bxc6 12. dxe5 Ng4 13. exd6 Nxe3 14. Rxe3 Rd8 15. e5 cxd6 16. exd6 Qd7 17. Nc4 Bb5 {1-0 (47) Alekseev,E (2616)-Van Foreest,J (2629) Riadh 2017}) 11. Bc2 Ng4 12. Bg5 {White is slightly better.} Bf6 13. Bxf6 Nxf6 14. h3 $146 ({Predecessor:} 14. b4 exd4 15. Nxd4 a5 16. Qb1 b6 17. b5 Nb8 {0-1 (66) De Jong,M (2323)-Warmerdam,M (2433) Groningen 2018}) 14... Nh5 15. Nc4 f6 16. Qd2 Nf4 17. Kh2 Qe7 18. d5 (18. h4 $14) 18... Nd8 $11 19. Ng1 Nf7 20. g3 Nh5 21. Ne3 Ng7 22. f4 f5 23. exf5 gxf5 24. Nf3 Qf6 25. Rf1 Kh8 26. Nh4 e4 27. Rad1 Kg8 28. Qd4 $36 {[%mdl 2048] White is on the roll.} Qh6 29. c4 Nh8 30. c5 Ng6 31. c6 (31. Nhg2 $14) 31... bxc6 32. dxc6 Be6 33. Qf6 {[%cal Re3f5]} Rf8 $2 {[#]} (33... Rab8 $11) 34. Nhxf5 $2 (34. Nexf5 $1 $18 {[%mdl 512]} Rxf6 (34... Bxf5 35. Nxf5) 35. Nxh6+ Kf8 36. Nxg6+ (36. Bxe4 Nxh4 37. f5 Bc4 $11) 36... hxg6 37. Ng4 (37. Bxe4 Bxa2 38. Rd2 Bc4 $16)) 34... Qxh3+ $1 35. Kxh3 {[%csl Gf5][%cal Rf6g7]} Rxf6 36. g4 {Threatens to win with Nxg7.} Nxf5 37. gxf5 Bxf5+ 38. Kh2 ({White should play} 38. Nxf5 $15 Rxf5 39. Bxe4 Rxf4 40. Bxg6 Rxf1 41. Bxh7+ $1 {[%mdl 512]} Kxh7 42. Rxf1) 38... Ne7 $17 39. Rg1+ (39. Rd4 $142) 39... Kh8 40. Rg5 Bg6 41. Rf1 {intending f5.} d5 ({And not} 41... Nxc6 42. f5 $11) (41... h6 $19 {and Black stays clearly on top.} 42. Ra5 Raf8) 42. Nxd5 $2 (42. Re5 $17 Nxc6 43. Rxd5) 42... Nxd5 $19 43. Rxd5 {[#]} Bf5 $1 ({Not} 43... Rxc6 44. Bb1 $15) 44. Rxf5 Rxf5 45. Bxe4 {[%mdl 4096] Endgame KRR-KRB} Rh5+ 46. Kg1 Rg8+ 47. Kf2 Rh2+ 48. Ke3 Rg3+ {Played: Rg8-e8} 0-1

[Event "2nd Goa GM Open 2019"]
[Site "Goa"]
[Date "2019.06.25"]
[Round "10.25"]
[White "Sankalp Gupta"]
[Black "Venkatesh, M.R."]
[Result "0-1"]
[WhiteElo "2359"]
[BlackElo "2490"]
[Annotator "TA"]
[PlyCount "54"]
[EventDate "2019.06.17"]
[EventType "swiss"]
[EventCountry "IND"]
[SourceTitle "playchess.com"]
[Source "ChessBase"]
[SourceQuality "1"]

{[%evp 9,54,9,58,5,19,3,6,-7,-17,-21,12,22,20,11,22,-21,-38,-98,-103,-147,-164,-145,-149,-138,-129,-143,-135,-206,-184,-242,-213,-256,-259,-317,-338,-339,-333,-329,-333,-449,-445,-2119,-1925,-1777,-1783,-2087,-2035]} 1. d4 Nf6 2. Nf3 e6 3. Bf4 c5 4. e3 b6 5. Nc3 a6 6. e4 $146 {A47: 1 d4 Nf6 2 Nf3 b6: Torre, London and Colle Systems} ({White should play} 6. d5 $14) ({Predecessor:} 6. d5 d6 7. dxe6 Bxe6 8. Ng5 Nc6 9. Nxe6 fxe6 10. g4 h6 11. Bg2 Qd7 12. Qe2 b5 {1-0 (29) Berkes,F (2653)-Efimenko,Z (2641) Hungary 2018}) 6... cxd4 7. Qxd4 Nc6 8. Qd3 {The position is equal.} Bb7 9. a3 Rc8 10. Rd1 Na5 11. Nd2 b5 12. b4 Nc6 13. Na2 (13. Be2 $15) 13... d5 $17 14. exd5 Nxd5 15. Bg3 f5 {aiming for ...f4.} 16. c4 bxc4 17. Nxc4 {[#]} Qf6 $1 {Strongly threatening ...f4.} ({Not} 17... f4 18. Qe2 $14) 18. f3 (18. Be2 $17) 18... Be7 $19 19. Be2 {[#]} (19. Qd2 {was called for.}) 19... O-O $1 20. O-O Rfd8 21. Qb1 Nd4 22. Bd3 {[#]} Rxc4 $1 {[%mdl 576] Remove Defender, Decoy} 23. Bxc4 {Threatening Rfe1.} Ne3 $1 {[%csl LRc4,LRd1,LRf1][%mdl 64] Double Attack} 24. Bd3 f4 {Black is clearly winning.} 25. Bf2 {[#]} (25. Be1 $142 Nxd1 26. Qxd1) 25... Nxf3+ $1 {[%mdl 512]} 26. Kh1 {[#]} (26. gxf3 Qg5+) 26... Qh6 $1 {[%csl Gf3][%cal Rh6h2][%mdl 512]} 27. Bxh7+ {[#]} Kh8 $1 {[%mdl 512] Accuracy: White = 29%, Black = 83%.} 0-1